Monitorovanie hluku na vybranom pracovisku

Gespeichert in:
Bibliographische Detailangaben
1. Verfasser: Boledovičová, Zuzana, 1990- (Verfasst von)
Weitere Verfasser: Kuracina, Richard, 1979- (Betreuung Doktorarbeit)
Format: Manuskript Buch
Sprache:Slowakisch
Veröffentlicht: Trnava : STU v Bratislave MTF UBEI, 2013
Schlagworte:
Online-Zugang:VAIS
Tags: Tag hinzufügen
Keine Tags, Fügen Sie das erste Tag hinzu!

MARC

LEADER 00000ntm a22000003a 4500
001 stu269998
005 20150617230244.9
008 130703s2013----xo------------------slo-d
040 |a STU  |b slo 
041 0 |a slo 
044 |a xo 
100 1 |a Boledovičová, Zuzana,  |d 1990-  |4 aut  |u M  |T MTF Materiálovotechnologická fakulta  |X 44776  |U M  |Y 60  |7 A000044776 
242 0 0 |a Noise monitoring at selected department  |y eng 
245 1 |a Monitorovanie hluku na vybranom pracovisku 
260 |a Trnava :  |b STU v Bratislave MTF UBEI,  |c 2013 
650 7 |a Occupational Health and Safety  |2 estusub 
650 7 |a noise  |2 estusub 
650 7 |a sound  |2 estusub 
650 7 |a pracovné prostredie  |2 stusub 
650 7 |a expozícia  |2 stusub 
650 7 |a hluk  |2 stusub 
650 7 |a zvuk  |2 stusub 
700 1 |a Kuracina, Richard,  |d 1979-  |4 ths  |u M5000  |U MTF Materiálovotechnologická fakulta  |T MTF Ústav bezpečnosti, environmentu a kvality  |X 38282  |U M5000  |Y 85  |7 A000038282 
856 4 |a info a plný text  |u http://is.stuba.sk/zp/portal_zp.pl?podrobnosti=84908  |3 VAIS 
996 |c M*BP-6316  |l MMSKP  |s P  |a 0  |w stu269998_0001